| 000 | 01141nam a2200313 i 4500 | ||
|---|---|---|---|
| 001 | 186675 | ||
| 003 | SpMaBN | ||
| 005 | 20250803014912.0 | ||
| 008 | 170130s2015 sp ac |||| | spa d | ||
| 020 | _a978-84-95242-80-8 | ||
| 080 | _a811.134.2 | ||
| 080 | _a821.134.2.09 | ||
| 080 | _a821.134.2(7/8).09 | ||
| 245 | 0 | 0 | _aHomenaje universal al idioma español. |
| 246 | 3 | 5 | _aPremios Cervantes |
| 246 | 3 | 5 | _aPremios Nobel de Literatura |
| 250 | _aEd. sin ánimo de lucro. | ||
| 260 |
_aMadrid : _bFundación Independiente, _c2015. |
||
| 300 |
_a377 p. : _bil., retr. ; _c31 cm. |
||
| 505 | 8 |
_aContiene: ; _tPremios Cervantes ; _tPremios Nobel de Literatura |
|
| 650 | 0 | 7 |
_aLengua española _2embne _914115 |
| 650 | 4 |
_aLiteratura española- _xHistoria y crítica _914560 |
|
| 650 | 0 | 7 |
_aLiteratura hispanoamericana- _xHistoria y crítica. _914606 |
| 710 | 2 |
_aFundación Independiente (Madrid) _94325 |
|
| 852 |
_aES-MaACL _jA-13975 _9193732 _bR.151323 _cDEPO1 _dOlim: N-6975 _hDonación: Real Academia Española |
||
| 914 |
_96336 _aReal Academia Española _ednr |
||
| 942 |
_2udc _cMONOGRAFIA |
||
| 999 |
_c186675 _d186675 |
||